000 00799nam0a22002531 4500
001 RU\INFOCOMM_322\NLR\5000071267
005 20250625202242.0
035 _a(NLR Aleph) 011015052
090 _a11044126
_c11044126
100 _a20121120d1930 |||y0rusy50 ca
101 0 _ager
102 _aRU
105 _ay z||||
200 1 _aKollektivisierungsbewegung und der Aufschwung der Landwirtschaft
_fRede u. Schlusswort des Gen. Jakowlew
_gXVI Parteitag der KP(b) der UdSSR
210 _aMoskau
_cZVV
_d1930
215 _a88 с.
_d21 см
620 _aМосква
686 _aКПЗ-160(XVIп/с)В
_2rubbk
700 1 _aJakovlev
_bJ. A.
_f1896-1939
_gJakov Arkad'evič
801 1 _aRU
_bInfoComm
_c20121120
801 0 _aRU
_bNLR
_gPSBO
852 _aNLR
_jЕ-10/586
_y2 экз.
942 _cBOOK
980 _aNB